Beatles Song Names with Love - Statistics

General Stats
  • This quiz has been taken 418 times
  • The average score is 6 of 11
Answer Stats
Song % Correct
{All} {You} {Need} {Is} {}Love{}
91%
{}Love{} {Me} {Do}
90%
{She} {}Love{s} {You}
58%
{And} {I} {}Love{} {Her}
56%
{Can't} {Buy} {Me} {}Love{}
55%
{}Love{} {You} {To}
55%
{P.S.} {I} {}Love{} {You}
43%
{It's} {Only} {}Love{}
38%
{You've} {Got} {to} {Hide} {Your} {}Love{} {Away}
37%
{}Love{ly} {Rita}
27%
{Words} {of} {}Love{}
19%
No matching quizzes found
Score Distribution
Percent of People with Each Score
Percentile by Number Answered
Your Score History
You have not taken this quiz